000 00346nam a2200133Ia 4500
008 151001s9999||||xx |||||||||||||| ||und||
100 _aदुर्गा - भागवत
245 _aपूर्वा
250 _a1
260 _bव्हीनस प्रकाशन पुणे
260 _c1957
300 _a136
365 _b8
999 _c950188
_d950185